<?xml version="1.0" encoding="UTF-8"?>
<record
    xmlns:xsi="http://www.w3.org/2001/XMLSchema-instance"
    xsi:schemaLocation="http://www.loc.gov/MARC21/slim http://www.loc.gov/standards/marcxml/schema/MARC21slim.xsd"
    xmlns="http://www.loc.gov/MARC21/slim">

  <leader>00903nam a22002177a 4500</leader>
  <controlfield tag="005">20231201100613.0</controlfield>
  <controlfield tag="008">231201b           ||||| |||| 00| 0 eng d</controlfield>
  <datafield tag="040" ind1=" " ind2=" ">
    <subfield code="c">AL</subfield>
  </datafield>
  <datafield tag="041" ind1=" " ind2=" ">
    <subfield code="a">kan</subfield>
  </datafield>
  <datafield tag="082" ind1=" " ind2=" ">
    <subfield code="2">23</subfield>
    <subfield code="a">917.04K</subfield>
    <subfield code="b">NAGA</subfield>
  </datafield>
  <datafield tag="100" ind1=" " ind2=" ">
    <subfield code="a">H M Nagaraju: &#xCA8;&#xCBE;&#xC97;&#xCB0;&#xCBE;&#xC9C;&#xCC1; &#xC8E;&#xC9A;&#xCCD; &#xC8E;&#xC82;</subfield>
    <subfield code="9">143887</subfield>
  </datafield>
  <datafield tag="245" ind1=" " ind2=" ">
    <subfield code="a">Adbhuta Amerika: Pravasa Kathana</subfield>
    <subfield code="b">&#xC85;&#xCA6;&#xCCD;&#xCAD;&#xCC1;&#xCA4; &#xC85;&#xCAE;&#xCC7;&#xCB0;&#xCBF;&#xC95;: &#xCAA;&#xCCD;&#xCB0;&#xCB5;&#xCBE;&#xCB8; &#xC95;&#xCA5;&#xCA8; </subfield>
  </datafield>
  <datafield tag="260" ind1=" " ind2=" ">
    <subfield code="a">Mangalore</subfield>
    <subfield code="b">Prasaranga Mangalore University</subfield>
    <subfield code="c">2015</subfield>
  </datafield>
  <datafield tag="300" ind1=" " ind2=" ">
    <subfield code="a">x,126p.</subfield>
    <subfield code="b">PB</subfield>
    <subfield code="c">21x13cm</subfield>
  </datafield>
  <datafield tag="365" ind1=" " ind2=" ">
    <subfield code="2">Kannada</subfield>
    <subfield code="a">063-65</subfield>
    <subfield code="b">63.00</subfield>
    <subfield code="c">&#x20B9;</subfield>
    <subfield code="d">125.00</subfield>
    <subfield code="e">50%</subfield>
    <subfield code="f">23-11-2023</subfield>
  </datafield>
  <datafield tag="440" ind1=" " ind2=" ">
    <subfield code="a">Prasaranga Rajata Granthasarani: &#xCAA;&#xCCD;&#xCB0;&#xCB8;&#xCBE;&#xCB0;&#xCBE;&#xC82;&#xC97; &#xCB0;&#xC9C;&#xCA4; &#xC97;&#xCCD;&#xCB0;&#xC82;&#xCA5;&#xCB8;&#xCB0;&#xCA3;&#xCBF;: 2</subfield>
    <subfield code="9">143886</subfield>
  </datafield>
  <datafield tag="650" ind1=" " ind2=" ">
    <subfield code="a">Travel: Pravasa: &#xCAA;&#xCCD;&#xCB0;&#xCB5;&#xCBE;&#xCB8; </subfield>
    <subfield code="9">143845</subfield>
  </datafield>
  <datafield tag="650" ind1=" " ind2=" ">
    <subfield code="a">America</subfield>
    <subfield code="9">143846</subfield>
  </datafield>
  <datafield tag="700" ind1=" " ind2=" ">
    <subfield code="a">NAGARAJU (H M): &#xCA8;&#xCBE;&#xC97;&#xCB0;&#xCBE;&#xC9C;&#xCC1; (&#xC8E;&#xC9A;&#xCCD; &#xC8E;&#xC82;)</subfield>
    <subfield code="9">143847</subfield>
  </datafield>
  <datafield tag="942" ind1=" " ind2=" ">
    <subfield code="2">ddc</subfield>
    <subfield code="c">BK</subfield>
  </datafield>
  <datafield tag="999" ind1=" " ind2=" ">
    <subfield code="c">229344</subfield>
    <subfield code="d">229344</subfield>
  </datafield>
  <datafield tag="952" ind1=" " ind2=" ">
    <subfield code="0">0</subfield>
    <subfield code="1">0</subfield>
    <subfield code="2">ddc</subfield>
    <subfield code="4">0</subfield>
    <subfield code="7">0</subfield>
    <subfield code="8">KAN</subfield>
    <subfield code="a">AL</subfield>
    <subfield code="b">AL</subfield>
    <subfield code="d">2023-11-24</subfield>
    <subfield code="e">Prasaranga Mangalore University</subfield>
    <subfield code="g">62.50</subfield>
    <subfield code="l">1</subfield>
    <subfield code="o">917.04K NAGA</subfield>
    <subfield code="p">076947</subfield>
    <subfield code="r">2024-04-20 00:00:00</subfield>
    <subfield code="s">2023-12-08</subfield>
    <subfield code="v">125.00</subfield>
    <subfield code="w">2023-12-01</subfield>
    <subfield code="y">BK</subfield>
  </datafield>
</record>
